Normal view
MARC view
- PAKISTANI BRIDE.ENGLISH LITERATURE-THE PAKISTANI BRIDE
Entry Topical Term
001 - CONTROL NUMBER
- control field: 68148
003 - CONTROL NUMBER IDENTIFIER
- control field: NUST
005 - DATE AND TIME OF LATEST TRANSACTION
- control field: 20210628204002.0
008 - FIXED-LENGTH DATA ELEMENTS
- fixed length control field: 210628|| aca||aabn | a|a d
040 ## - CATALOGING SOURCE
- Original cataloging agency: NUST
- Transcribing agency: NUST
150 ## - HEADING--TOPICAL TERM
- Topical term or geographic name entry element: PAKISTANI BRIDE.ENGLISH LITERATURE-THE PAKISTANI BRIDE
670 ## - SOURCE DATA FOUND
- Source citation: Work cat.: (NUST): Sidhwa, Bapsi 9819, The pakistani bride, 1990
